000 00675nam a2200241Ia 4500
003 OSt
005 20221007082245.0
006 a|||||r|||| 00| 0
007 ta
008 221006b |||||||| |||| 00| 0 eng d
024 _a21,711
037 _cReference Collections
040 _aFLL
_cFLL
_beng
041 _2eng
_aeng
082 _aX:9455-5:2N69t, K9.1
110 _acommission on labour
_9698946
245 0 _aNational commission on labour analysis of replies
260 _c1969
300 _axvi,211p
_ccm.
700 _acommission on labour
_9698947
942 _hX:9455-5:2N69t, K9.1
_cREF
_2CC
999 _c1165845
_d1165845